000 01175nam a2200313Ia 4500
003 CO-BoRNBP
005 20250605110258.0
007 ta
008 210827s2016 sp a br 001 0 spa d
020 _a9788415208846
040 _aCO-BoRNBP
_bspa
_erda
_cCO-BoRNBP
041 0 _aspa
082 0 4 _a539.7
_bW14a
_222
100 1 _aWalliman, Dominic, Dr
_eautor
_959830
245 1 3 _aLa aventura atómica del profesor astro cat
_bun viaje por el mundo de la física
_cDr. Dominic Walliman ; diseñado e ilustrado por Ben Newman
250 _a1a. edición
264 1 _aAlbolote, España
_bBarbara Fiore Editora
_c2016
300 _a66 páginas
_bilustraciones
_c30 cm
336 _atexto
_btxt
_2rdacontent
337 _asin mediación
_bn
_2rdamedia
338 _avolumen
_bnc
_2rdacarrier
500 _aIncluye índice de glosario al final del texto
521 _aRecomendado para un público infantil mayor de 9 años
650 0 0 _aElementos químicos
_xLiteratura infantil
_2LEMB
_959831
650 0 0 _aÁtomos
_xLiteratura infantil
_2LEMB
_959832
650 0 4 _aMagnetismo
_xLiteratura infantil
_2LEMB
_959833
700 1 _aNewman, Ben
_eilustrador
_959834
942 _2ddc
_cBKINF
999 _c57193
_d57193